| 000 | 00667nam a2200205 a 4500 | ||
|---|---|---|---|
| 001 | 000011918 | ||
| 005 | 20240530073912.0 | ||
| 008 | 091102s2003 dr r 000 f spa d | ||
| 020 | _a9993484326 | ||
| 040 |
_aDO-SdBNP _bspa _cBNPHU |
||
| 082 |
_aRD863.3 _bB719m, 2003 |
||
| 100 | 1 |
_aBonó, Pedro Francisco, _d1828-1906 _91351 |
|
| 245 | 1 | 3 |
_aEl montero / _cPedro Francisco Bonó. |
| 260 |
_aSan Francisco de Macorís, República Dominicana : _bEdiciones D, _c2003. |
||
| 300 |
_a133 p. : _b17 cm. |
||
| 590 | _aInventariado, 2019 / DG | ||
| 650 | 0 |
_aNovela dominicana _9223 |
|
| 650 | 0 |
_aLiteratura dominicana. _967 |
|
| 910 | _aValidado. Control de calidad. MMOLINA | ||
| 999 |
_c11588 _d11588 |
||